00225nam a2200085Ia 4500008004100000041000800041100001700049245003900066260003400105230508s2016 xx 000 0 und d aeng aSALUNKHE A H aPRIDE OFF SWARAJYA UMAJI RAJE NAIK bRAKESH A SALUNKHEc2016g2015